000 01234nam a2200361 i 4500
001 192967
003 SpMaBN
005 20250815050811.0
007 ta
008 230713s1980 sp spa
016 7 _abimoBNE19970641045
_zIND9100071306
_2SpMaBN
017 _aM 2718-1980
_bOficina Depósito Legal Madrid
020 _a8432303569
035 _a(OCoLC)431515555
035 _abimo0000585951
040 _aSpMaBN
_bspa
_cA2
_dES-MaACL
080 _a1"18"
100 0 _aBelaval, Yvon
_0XX1722067
_927130
245 1 3 _aLa filosofía en el siglo XIX /
_cbajo la dirección de Yvon Belaval. [Han colaborado Yvon Belaval y otros. Traductores, Eduardo Bustos y otros]
250 _a3ª ed.
260 _aMadrid :
_bSiglo XXI,
_c1980.
300 _aVII, 493 p. ;
_c18 cm
336 _2rdacontent
_aTexto
337 _2rdamedia
_asin mediación
338 _2rdacarrier
_avolumen
490 1 _aHistoria de la filosofía siglo XXI ;
_v8
650 7 _aFilosofía-
_yS.XIX
_9163575
700 1 _aBustos, Eduardo
_932919
830 0 _aHistoria de la filosofía (Siglo XXI)
_v8
_9233698
942 _n0
_cMONOGRAFIA
999 _c192967
_d192967